| 000 | 00552cam a2200193 4500 | ||
|---|---|---|---|
| 008 | 090401t2006 xxu||||| |||| 00| 0 eng d | ||
| 020 | _a0853084262 | ||
| 035 | _a(Sirsi) u98446 | ||
| 041 | _aeng | ||
| 100 | _aClarke, D. | ||
| 245 | _aLeasehold enfranchisement and right to manage | ||
| 250 | _a2nd ed. | ||
| 260 |
_aBristol _bJordans _c2006 |
||
| 350 | _a32.50 | ||
| 520 | _aDue for publication Oct. 2009 Supersedes "Leasehold enfranchisement: the new law" (ISBN 0853082111). | ||
| 700 | _aWells, Andrew | ||
| 942 | _n0 | ||
| 948 | _c09/06/1997 | ||
| 999 |
_c99176 _d99176 |
||